The Harvey girl / Dana Stabenow.
Available copies
- 1 of 2 copies available at LARL/NWRL Consortium.
Current holds
0 current holds with 2 total copies.
Show Only Available Copies
| Location | Call Number / Copy Notes | Barcode | Shelving Location | Status | Due Date |
|---|---|---|---|---|---|
| Bagley Public Library | M STA (Text) | 33500014341325 | New | Available | - |
| Moorhead Public Library | M STA (Text) | 33500014341333 | New | Checked out | 06/05/2026 |
Record details
- ISBN: 9781035916665
- ISBN: 1035916665
- Physical Description: xi, 258 pages : map ; 24 cm.
- Publisher: London : Head of Zeus, 2026.
- Copyright: ©2026
Content descriptions
| General Note: | "An Aries book." |
| Summary, etc.: | Set in 1890 in the New Mexico Territory, The ... Read More |
Search for related items by subject
| Genre: | Detective and mystery stories. Detective and mystery fiction. Historical fiction. Western fiction. Novels. |
Search for related items by series
| LDR | 03567cam a2200757 i 4500 | ||
|---|---|---|---|
| 001 | 477563 | ||
| 003 | LARL_NWRL_CONSORTIUM | ||
| 005 | 20260304210008.0 | ||
| 008 | 260217t20262026enkb e 000 f eng d | ||
| 040 | . | ‡aIG# ‡beng ‡erda ‡cIG# ‡dYDX ‡dIH9 ‡dZPX ‡dQJK ‡dBDX ‡dDYJ ‡dHQD ‡dLINCC ‡dUKMGB ‡dTOH ‡dOCO ‡dMWD ‡dOCLCO | |
| 015 | . | ‡aGBC6002892 ‡2bnb | |
| 016 | 7 | . | ‡a300663845 ‡2Uk |
| 019 | . | ‡a1514989782 ‡a1558728782 ‡a1570611581 ‡a1574791468 | |
| 020 | . | ‡a9781035916665 ‡q(hardcover) | |
| 020 | . | ‡a1035916665 ‡q(hardcover) | |
| 035 | . | ‡a(OCoLC)1573626276 ‡z(OCoLC)1514989782 ‡z(OCoLC)1558728782 ‡z(OCoLC)1570611581 ‡z(OCoLC)1574791468 | |
| 037 | . | ‡bSt Martins Pr, C/O Mps 16365 James Madison Hwy Us Hwy 15, Gordonsville, VA, USA, 22942, (212)6745151 ‡nSAN 631-5011 | |
| 043 | . | ‡an-us--- | |
| 082 | 0 | 4. | ‡a813/.54 ‡223/eng/20260217 |
| 100 | 1 | . | ‡aStabenow, Dana, ‡eauthor. ‡1https://id.oclc.org/worldcat/entity/E39PBJpJdFYF47VyvT4jkXymVC ‡0(LARL_NWRL_CONSORTIUM)112178 |
| 245 | 1 | 4. | ‡aThe Harvey girl / ‡cDana Stabenow. |
| 264 | 1. | ‡aLondon : ‡bHead of Zeus, ‡c2026. | |
| 264 | 4. | ‡c©2026 | |
| 300 | . | ‡axi, 258 pages : ‡bmap ; ‡c24 cm. | |
| 336 | . | ‡atext ‡btxt ‡2rdacontent | |
| 337 | . | ‡aunmediated ‡bn ‡2rdamedia | |
| 338 | . | ‡avolume ‡bnc ‡2rdacarrier | |
| 380 | . | ‡aBook ‡2tlcgt | |
| 380 | . | ‡aFiction ‡2marcgt | |
| 385 | . | ‡aGeneral ‡2tlctarget | |
| 385 | . | ‡aAny audience ‡2marctarget | |
| 490 | 0 | . | ‡aHarvey girls ; ‡v1 |
| 500 | . | ‡a"An Aries book." | |
| 520 | . | ‡aSet in 1890 in the New Mexico Territory, The Harvey Girl follows Clare Wright, a young operative for the Pinkerton Detective Agency, who is assigned to investigate a series of robberies targeting a Harvey House restaurant in the frontier town of Montaña Roja. Sent undercover as one of the establishment’s hostesses, Clare navigates the social and economic tensions of the Gilded Age American West while working to identify those responsible. As her inquiry deepens, she faces personal and professional risks in a region marked by rapid expansion, shifting power structures, and limited law enforcement. | |
| 610 | 2 | 0. | ‡aPinkerton's National Detective Agency ‡vFiction. |
| 650 | 0. | ‡aWomen detectives ‡vFiction. ‡0(LARL_NWRL_CONSORTIUM)167906 | |
| 650 | 0. | ‡aUndercover operations ‡vFiction. ‡0(LARL_NWRL_CONSORTIUM)167785 | |
| 650 | 0. | ‡aRobbery ‡vFiction. ‡0(LARL_NWRL_CONSORTIUM)174703 | |
| 650 | 0. | ‡aPioneers ‡vFiction. ‡0(LARL_NWRL_CONSORTIUM)166747 | |
| 610 | 2 | 0. | ‡aFred Harvey (Firm) ‡xEmployees ‡vFiction. |
| 650 | 7. | ‡aFICTION / Historical / Colonial America & Revolution. ‡2bisacsh | |
| 651 | 7. | ‡aNew Mexico ‡2fast ‡1https://id.oclc.org/worldcat/entity/E39PBJyt3gtHy7R4HdYJ8C7j4q ‡0(LARL_NWRL_CONSORTIUM)1741 | |
| 650 | 7. | ‡aWomen detectives ‡vFiction. ‡2sears ‡0(LARL_NWRL_CONSORTIUM)167906 | |
| 650 | 7. | ‡aCriminal investigation ‡vFiction. ‡2sears | |
| 650 | 7. | ‡aTheft ‡vFiction. ‡2sears ‡0(LARL_NWRL_CONSORTIUM)175563 | |
| 655 | 0. | ‡aDetective and mystery stories. | |
| 655 | 7. | ‡aDetective and mystery fiction. ‡2lcgft | |
| 655 | 7. | ‡aHistorical fiction. ‡2lcgft | |
| 655 | 7. | ‡aWestern fiction. ‡2lcgft | |
| 655 | 7. | ‡aNovels. ‡2lcgft | |
| 901 | . | ‡a477563 ‡bOCoLC ‡c477563 ‡tbiblio ‡soclc | |

Add to basket
Permalink
Disable Highlighting